000 01874nam a2200493 i 4500
001 146448
003 FINmELB
005 20241217182137.0
006 m o u
007 cr cn|||||||||
008 210730s2015 ck ob 000 0 spa d
020 _a9789588399850 (e-book)
035 _a(OCoLC)1269023792
040 _aFINmELB
_bspa
_erda
_cFINmELB
050 1 4 _aB2523
_bP855 2015
080 _a1(43)
082 0 4 _a193
_223
100 1 _aPosada Garcés, Juan Pablo.
245 1 0 _aAnimales simbólicos de Zarathustra, lectura del texto a la luz de los símbolos /
_cJuan Pablo Posada Garcés.
264 1 _aMedellín :
_bUniversidad Católica Luis Amigó,
_c2015.
300 _a1 recurso en línea (169 páginas)
336 _atexto
_btxt
_2rdamedia/spa
337 _acomputadora
_bc
_2rdamedia/spa
338 _arecurso en línea
_2rdacarrier/spa
504 _aContiene bibliografía.
588 _aDescripción basada en metadatos suministrados por el editor y otras fuentes.
590 _aRecurso electrónico. Santa Fe, Arg.: elibro, 2021. Disponible vía World Wide Web. El acceso puede estar limitado para las bibliotecas afiliadas a elibro.
600 1 0 _aNietzsche, Friedrich Wilhelm,
_d1844-1900
_xCriticism and interpretation.
650 0 _aPhilosophy, German.
650 0 _aAnimals
_xSymbolic aspects.
650 4 _aFilosofía alemana.
650 4 _aAnimales
_xAspectos simbólicos.
655 4 _aLibros electrónicos.
797 2 _aelibro, Corp.
856 4 0 _uhttps://elibro.net/ereader/politecnicointernacional/127451
999 _c146448
_d146448